000 00676nam a2200217 i 4500
001 89854
003 ES-MaACL
005 20230906180304.0
007 t|
008 050114s1981 sp ||||1| spa d
100 1 _aLaszlo, Ervin.
_970508
245 1 0 _aHacia una filosofía de sistemas /
_cErvin Laszlo, Ludwig von Bertalanffy ; traducción de Juan Alvarez.
260 _a[Valencia] :
_bRevista Teorema,
_c1981.
300 _a64 p. ;
_c19 cm.
490 1 _aCuadernos Teorema
700 1 _aBertalanffy, Ludwig von.
_928419
700 1 _aAlvarez, Juan.
_920653
830 0 _aCuadernos Teorema
_9180999
852 _aES-MaACL
_jL-1153
_bR.102090
999 _c89854
_d89854